000 00787nam a2200301Ia 4500
001 2506
003 IT-RoPAU
008 130308s9999 xx 000 0 und d
040 _aIT-RoPAU
040 _cIT-RoPAU
041 _aITALIANO
100 _aMoravia Alberto
100 _gCodice Aut. SPICS: 3587
245 _aUn'arte fra narrativa e pittura
245 _bCinema Italiano-Ma Cos'E' Questa Crisi?
250 _a1a ed.
260 _aROMA/BARI
260 _bLaterza
260 _c1979 [1° Ed.:1979 - Ed.Ling.Originale:1979]
300 _a"11 p. (prefazione: no ; testo: 11 [pagine: 105-115])"
500 _aCrisi del Cinema
650 _aSAGGI SUL CINEMA
650 _eCodice materia Spics: 6811
942 _cBK
957 _71
999 _c55985
_d55985
999 _bSI
999 _g1